000 00967nam a2200241 4500
999 _c62243
_d62243
005 20240530110540.0
008 160507s2013 ua b|||f b|||f00| 0 ara d
020 _a9789774486418
040 _aEG-CaGPL
082 0 4 _a388.0932
_bق/ع ن
_221
100 0 _aعبداللطيف فايز على محمد.
245 _a؟؟؟؟؟؟؟؟؟؟؟؟
260 _aالقاهرة :
_bالهيئة المصرية العامة للكتاب،
_c2013.
300 _a470 ص. :
_bخرائط ؛
_c24 سم.
490 0 _aتاريخ المصريين ؛
_v296
504 _aببليوجرافية : ص. 457-470
650 0 4 _aالنقل
_zمصر القديمة
650 0 4 _aالمواصلات
_zمصر القديمة
651 0 4 _aمصر القديمة
_xتاريخ
_yالعصر اليوناني (332-30 ق.م.)
651 0 4 _aمصر القديمة
_xتاريخ
_yالعصر الروماني (30 ق. م-642 م.)
942 _2ddc
_cBK